Taylor Swift Quizzz - Statistics

General Stats
  • This quiz has been taken 21 times
  • The average score is 6 of 10
Answer Stats
Question Answer % Correct
When is Taylors birthday (dd-mm-yyyy) 13-12-1989
94%
Finish the lyric: come on come on, dont leave me ... like this
81%
What tour was Ed Sheeran NOT a suprise guest on? Fearless tour
75%
What album is 100% selfwritten by Taylor? Speak now (taylors version)
75%
What name is NOT mentioned in a Taylor Swift song? Blake
63%
How long is All Too Well (10 minute version) exaclty? 10:13
56%
Where did Taylor NOT have an Eras tour show? Annapolis
50%
Which one of these is NOT a song acronym? tbdwm
50%
Which of these was NOT an suprise guest on the Eras tour? Keith Urban
44%
How many songs does the album fearless (tv) have? 26
38%
No matching quizzes found
Score Distribution
Percent of People with Each Score
Percentile by Number Answered
Your Score History
You have not taken this quiz